Lohawar / (Record no. 524494)

000 -LEADER
fixed length control field 00429nam a22001817a 4500
003 - CONTROL NUMBER IDENTIFIER
control field NUST
020 ## - INTERNATIONAL STANDARD BOOK NUMBER
International Standard Book Number 978-969-562-539-2
038 ## - RECORD CONTENT LICENSOR
Staff Name NUST
082 ## - DEWEY DECIMAL CLASSIFICATION NUMBER
Classification number 891.423
Author Mark IJA
100 ## - MAIN ENTRY--PERSONAL NAME
Personal name Ijaz
9 (RLIN) 15308
245 ## - TITLE STATEMENT
Title Lohawar /
Statement of responsibility, etc. Ijaz.
260 ## - PUBLICATION, DISTRIBUTION, ETC.
Place of publication, distribution, etc. Lahore :
Name of publisher, distributor, etc. Fiction House,
Date of publication, distribution, etc. 2017.
300 ## - PHYSICAL DESCRIPTION
Extent 111 p. ;
Dimensions 18 cm.
500 ## - GENERAL NOTE
General note Hardback.
880 ## - ALTERNATE GRAPHIC REPRESENTATION
Linkage 100-01/r
Title اعجاز.
880 ## - ALTERNATE GRAPHIC REPRESENTATION
Linkage 245-02/r
Title / لوہاور
942 ## - ADDED ENTRY ELEMENTS (KOHA)
Source of classification or shelving scheme
Koha item type Book
Holdings
Withdrawn status Lost status Source of classification or shelving scheme Damaged status Not for loan Permanent Location Current Location Date acquired Total Checkouts Full call number Barcode Date last seen Price effective from Koha item type
          Central Library (CL) Central Library (CL) 06/21/2019   891.423 IJA CL-E-1514 06/21/2019 06/21/2019 Book
© 2023 Central Library, National University of Sciences and Technology. All Rights Reserved.